| 000 | 00612nam a2200229 i 4500 | ||
|---|---|---|---|
| 001 | 17564 | ||
| 003 | ES-MaACL | ||
| 005 | 20250607063011.0 | ||
| 007 | t| | ||
| 008 | 010404s2000 sp ||||1| spa d | ||
| 020 | _a84-01-34154-X | ||
| 080 | _a821.134.2-94"19" | ||
| 100 | 1 |
_aPániker, Salvador, _d1927- _988794 |
|
| 245 | 1 | 0 |
_aCuaderno amarillo / _cSalvador Pániker. |
| 250 | _a2ª ed. | ||
| 260 |
_aBarcelona : _bPlaza & Janés, _c2000. |
||
| 300 |
_a379 p. ; _c26 cm. |
||
| 490 | 1 | _aAreté | |
| 830 | 0 |
_aAreté _9179755 |
|
| 852 |
_aES-MaACL _jL-24571 _bR.129666 |
||
| 999 |
_c17564 _d17564 |
||